000 01287nam2a22002411 4500
001 rc\985165
005 20250622104202.0
035 _a(NLR Aleph) 006246232
090 _a6711279
_c6711279
100 _a20041129d1981 |||y0rusy50 ca
101 0 _arus
102 _aRU
105 _ay |||||||||
200 0 _a... № 1
_eСоответствует разделам рубрикатора КСИ 1980 г. 19.8
210 _d1981
_aБ. м.
215 _a16 с.
333 _aДСП. Экз. № 7
461 0 _1001rc\985164
_12001#$aˆ[‰Арматура силовых кабелей$eНоменклатур. справочник$eНС 19.10-80]$eИзм. и доп. ...$fМ-во электротехн. пром-сти, ВНИИ информ. и техн.-экон. исслед. в электротехнике$v... № 1
_96711271
_cМ.
_d1981
_fМ-во электротехн. пром-сти, ВНИИ информ. и техн.-экон. исслед. в электротехнике
_nИнформэлектро
_oНоменклатур. справочник : НС 19.10-80] : Изм. и доп. ...
_tˆ[‰Арматура силовых кабелей
_v... № 1
801 0 _aRU
_bNLR
_gpsbo
801 1 _aRU
_bELAR
_2rusmarc
852 _aNLR
_j81-50К/6553
942 _cBOOK
980 _aNB